000 01053nam a2200325 a 4500
001 76276
003 0
005 20241217151300.0
006 m o d |
007 cr cn|||||||||
008 200704r20072007ag |||||s|||||||||||spa d
022 _z1660-5324
035 _a(OCoLC)928699230
040 _aFlNmELB
_bspa
_cFlNmELB
050 4 _aQC791
_bP349 2007eb
080 _a621.039
100 1 _aPeña, Santiago.
245 1 0 _aProyecto Atómico Huemul
_h[recurso electronico]
_cSantiago Peña.
260 _a[Buenos Aires, Argentina] :
_b[Monografías],
_c[2007]
300 _a5-55 p.
533 _aRecurso electrónico. Santa Fe, Arg.: e-libro, 2015. Disponible vía World Wide Web. El acceso puede estar limitado para las bibliotecas afiliadas a e-libro.
650 4 _aEnergía.
650 4 _aEnergía nuclear.
650 0 _aNuclear fusion.
650 0 _aAtomic energy.
655 4 _aLibros electrónicos.
710 2 _ae-libro, Corp.
856 4 0 _uhttps://elibro.net/ereader/politecnicointernacional/98144
942 _cLIBROS
999 _c76276
_d76276